[Event "45th FIDE Chess Olympiad Open"]
[Site "Budapest, Hungary"]
[Date "2024.09.20"]
[Round "9"]
[White "Laurusas, Tomas"]
[Black "Culum, Sanjin"]
[Result "1-0"]
[Board "75"]
[WhiteFideId "12803731"]
[BlackFideId "14420937"]
[WhiteTitle "GM"]
[BlackTitle "FM"]
[WhiteElo "2569"]
[BlackElo "2409"]
[WhiteTeam "Lithuania"]
[BlackTeam "Bosnia & Herzegovina"]
[WhiteClock "0:02:38"]
[BlackClock "0:01:39"]
[Variant "Standard"]

1. d4 {[%clk 1:30:58]}  Nf6 {[%clk 1:30:50]} 2. c4 {[%clk 1:31:08]}  e6 {[%clk 1:31:06]} 3. g3 {[%clk 1:31:26]}  d5 {[%clk 1:30:31]} 4. Bg2 {[%clk 1:31:46]}  Bb4+ {[%clk 1:25:40]} 5. Nd2 {[%clk 1:25:00]}  O-O {[%clk 1:23:42]} 6. Ngf3 {[%clk 1:18:06]}  dxc4 {[%clk 1:17:53]} 7. Qc2 {[%clk 1:18:27]}  Bd7 {[%clk 1:04:53]} 8. Qxc4 {[%clk 1:07:29]}  Bxd2+ {[%clk 1:04:16]} 9. Bxd2 {[%clk 1:06:24]}  Bc6 {[%clk 1:04:36]} 10. O-O {[%clk 1:03:13]}  Bd5 {[%clk 1:02:11]} 11. Qa4 {[%clk 1:00:58]}  Bc6 {[%clk 0:54:58]} 12. Qa3 {[%clk 1:00:45]}  Nbd7 {[%clk 0:54:11]} 13. Rfd1 {[%clk 0:59:29]}  Nb6 {[%clk 0:50:40]} 14. Rac1 {[%clk 0:57:20]}  h6 {[%clk 0:47:08]} 15. Ba5 {[%clk 0:56:01]}  Bd5 {[%clk 0:42:35]} 16. b3 {[%clk 0:49:57]}  Rc8 {[%clk 0:40:23]} 17. Bd2 {[%clk 0:39:01]}  c6 {[%clk 0:36:59]} 18. Ba5 {[%clk 0:37:29]}  Re8 {[%clk 0:34:00]} 19. Rd2 {[%clk 0:27:04]}  Ra8 {[%clk 0:29:53]} 20. Rd3 {[%clk 0:24:30]}  Be4 {[%clk 0:27:10]} 21. Rdd1 {[%clk 0:24:58]}  Qb8 {[%clk 0:23:20]} 22. Be1 {[%clk 0:24:05]}  a5 {[%clk 0:21:00]} 23. Qb2 {[%clk 0:16:40]}  a4 {[%clk 0:19:44]} 24. Ne5 {[%clk 0:16:28]}  Bxg2 {[%clk 0:19:31]} 25. Kxg2 {[%clk 0:16:56]}  axb3 {[%clk 0:14:07]} 26. axb3 {[%clk 0:17:21]}  Qd8 {[%clk 0:13:42]} 27. f3 {[%clk 0:16:35]}  Nbd7 {[%clk 0:11:51]} 28. Nd3 {[%clk 0:13:58]}  Qb6 {[%clk 0:11:16]} 29. e4 {[%clk 0:14:16]}  Qb5 {[%clk 0:10:28]} 30. Rc4 {[%clk 0:12:38]}  Qb6 {[%clk 0:06:49]} 31. Rb4 {[%clk 0:12:25]}  Qc7 {[%clk 0:07:07]} 32. Rc1 {[%clk 0:11:55]}  Ra6 {[%clk 0:07:05]} 33. Ra4 {[%clk 0:10:39]}  Rea8 {[%clk 0:07:11]} 34. Rca1 {[%clk 0:10:39]}  Qb6 {[%clk 0:06:19]} 35. g4 {[%clk 0:07:52]}  Qb5 {[%clk 0:05:39]} 36. Qc2 {[%clk 0:08:20]}  Qb6 {[%clk 0:03:00]} 37. Qc4 {[%clk 0:08:22]}  Qb5 {[%clk 0:00:59]} 38. Rxa6 {[%clk 0:04:48]}  bxa6 {[%clk 0:00:53]} 39. Rc1 {[%clk 0:03:16]}  Rc8 {[%clk 0:00:37]} 40. Nb4 {[%clk 0:01:03]}  Nb8 {[%clk 0:00:34]} 41. Qxb5 {[%clk 0:28:00]}  axb5 {[%clk 0:30:33]} 42. Bg3 {[%clk 0:27:00]}  Nfd7 {[%clk 0:30:38]} 43. Bd6 {[%clk 0:20:10]}  f6 {[%clk 0:20:02]} 44. f4 {[%clk 0:14:30]}  Kf7 {[%clk 0:19:46]} 45. e5 {[%clk 0:09:59]}  g5 {[%clk 0:13:11]} 46. fxg5 {[%clk 0:06:54]}  hxg5 {[%clk 0:13:30]} 47. Nd3 {[%clk 0:05:52]}  fxe5 {[%clk 0:02:58]} 48. dxe5 {[%clk 0:05:45]}  c5 {[%clk 0:01:46]} 49. Nxc5 {[%clk 0:05:48]}  Kg6 {[%clk 0:00:57]} 50. Nd3 {[%clk 0:02:41]}  Rxc1 {[%clk 0:01:23]} 51. Nxc1 {[%clk 0:03:07]}  Nc6 {[%clk 0:01:50]} 52. Nd3 {[%clk 0:03:31]}  Na5 {[%clk 0:01:30]} 53. b4 {[%clk 0:03:54]}  Nc4 {[%clk 0:01:54]} 54. Kf3 {[%clk 0:03:49]}  Nd2+ {[%clk 0:00:56]} 55. Ke2 {[%clk 0:03:07]}  Nc4 {[%clk 0:01:22]} 56. h3 {[%clk 0:03:13]}  Kf7 {[%clk 0:00:32]} 57. Kf3 {[%clk 0:03:12]}  Ndb6 {[%clk 0:00:31]} 58. Ke4 {[%clk 0:02:23]}  Na4 {[%clk 0:00:56]} 59. Kd4 {[%clk 0:02:25]}  Nd2 {[%clk 0:01:01]} 60. Nc5 {[%clk 0:01:43]}  Nb6 {[%clk 0:00:32]} 61. Ke3 {[%clk 0:01:27]}  Ndc4+ {[%clk 0:00:43]} 62. Kd4 {[%clk 0:00:59]}  Nd2 {[%clk 0:00:53]} 63. Nb7 {[%clk 0:01:11]}  Nd7 {[%clk 0:00:34]} 64. Nd8+ {[%clk 0:01:29]}  Kg6 {[%clk 0:00:59]} 65. Nxe6 {[%clk 0:01:42]}  Nf3+ {[%clk 0:01:25]} 66. Kd5 {[%clk 0:01:43]}  Ng1 {[%clk 0:01:16]} 67. Kc6 {[%clk 0:01:54]}  Nf6 {[%clk 0:00:48]} 68. exf6 {[%clk 0:01:57]}  Kxf6 {[%clk 0:01:15]} 69. Kd5 {[%clk 0:02:11]}  Nxh3 {[%clk 0:01:39]} 70. Bc5 {[%clk 0:02:38]} 1-0

[Event "45th FIDE Chess Olympiad Open"]
[Site "Budapest, Hungary"]
[Date "2024.09.20"]
[Round "9"]
[White "Marjanovic, Dejan"]
[Black "Pidluznij, Gleb"]
[Result "1/2-1/2"]
[Board "76"]
[WhiteFideId "14402661"]
[BlackFideId "12817082"]
[WhiteTitle "IM"]
[BlackTitle "FM"]
[WhiteElo "2365"]
[BlackElo "2425"]
[WhiteTeam "Bosnia & Herzegovina"]
[BlackTeam "Lithuania"]
[WhiteClock "0:02:03"]
[BlackClock "0:06:00"]
[Variant "Standard"]

1. d4 {[%clk 1:30:58]}  d5 {[%clk 1:30:49]} 2. Nc3 {[%clk 1:31:04]}  Nf6 {[%clk 1:30:45]} 3. Bf4 {[%clk 1:31:28]}  c5 {[%clk 1:30:59]} 4. e3 {[%clk 1:31:43]}  cxd4 {[%clk 1:30:53]} 5. exd4 {[%clk 1:32:08]}  Bg4 {[%clk 1:30:28]} 6. f3 {[%clk 1:25:39]}  Bd7 {[%clk 1:30:49]} 7. Nb5 {[%clk 1:17:22]}  Bxb5 {[%clk 1:31:09]} 8. Bxb5+ {[%clk 1:17:47]}  Nc6 {[%clk 1:31:28]} 9. c3 {[%clk 1:17:01]}  e6 {[%clk 1:28:56]} 10. Ne2 {[%clk 1:11:05]}  Bd6 {[%clk 1:29:15]} 11. Qd2 {[%clk 0:58:02]}  Qc7 {[%clk 1:27:48]} 12. Bxd6 {[%clk 0:56:40]}  Qxd6 {[%clk 1:28:13]} 13. Qf4 {[%clk 0:56:47]}  Qe7 {[%clk 1:20:14]} 14. O-O {[%clk 0:47:01]}  O-O {[%clk 1:19:20]} 15. Rae1 {[%clk 0:45:44]}  Rfc8 {[%clk 1:12:55]} 16. Qh4 {[%clk 0:36:54]}  Qd8 {[%clk 0:56:24]} 17. g4 {[%clk 0:27:34]}  Ne8 {[%clk 0:44:20]} 18. Qxd8 {[%clk 0:24:32]}  Rxd8 {[%clk 0:44:44]} 19. Nf4 {[%clk 0:24:13]}  Na5 {[%clk 0:42:29]} 20. Bxe8 {[%clk 0:23:56]}  Rxe8 {[%clk 0:42:53]} 21. Nd3 {[%clk 0:23:45]}  Nc4 {[%clk 0:43:01]} 22. Rf2 {[%clk 0:24:05]}  b6 {[%clk 0:42:32]} 23. Rfe2 {[%clk 0:23:56]}  Nd6 {[%clk 0:37:50]} 24. Kf2 {[%clk 0:23:07]}  a5 {[%clk 0:37:11]} 25. Kg3 {[%clk 0:22:18]}  Ra7 {[%clk 0:37:12]} 26. h3 {[%clk 0:21:07]}  Kf8 {[%clk 0:30:29]} 27. Kf2 {[%clk 0:14:49]}  Rae7 {[%clk 0:27:35]} 28. Kg3 {[%clk 0:12:18]}  f6 {[%clk 0:22:09]} 29. h4 {[%clk 0:12:26]}  Kf7 {[%clk 0:19:20]} 30. a4 {[%clk 0:11:09]}  Nc4 {[%clk 0:18:04]} 31. Nf4 {[%clk 0:11:04]}  Nd6 {[%clk 0:15:55]} 32. Nd3 {[%clk 0:11:28]}  h6 {[%clk 0:14:05]} 33. h5 {[%clk 0:11:16]}  Nb7 {[%clk 0:13:49]} 34. Nf4 {[%clk 0:11:09]}  Nd8 {[%clk 0:14:10]} 35. Ng6 {[%clk 0:10:08]}  Rc7 {[%clk 0:10:18]} 36. f4 {[%clk 0:08:24]}  Rc4 {[%clk 0:04:01]} 37. f5 {[%clk 0:07:26]}  Rxa4 {[%clk 0:04:11]} 38. Nf4 {[%clk 0:05:58]}  e5 {[%clk 0:04:35]} 39. Nxd5 {[%clk 0:04:57]}  Nc6 {[%clk 0:01:39]} 40. Nxb6 {[%clk 0:04:48]}  Ra2 {[%clk 0:01:57]} 41. Nc4 {[%clk 0:05:07]}  Rd8 {[%clk 0:29:59]} 42. dxe5 {[%clk 0:15:39]}  Nxe5 {[%clk 0:30:12]} 43. Nxe5+ {[%clk 0:15:57]}  fxe5 {[%clk 0:30:41]} 44. Rxe5 {[%clk 0:12:30]}  Rxb2 {[%clk 0:30:02]} 45. R1e3 {[%clk 0:09:11]}  Rc8 {[%clk 0:25:52]} 46. Rxa5 {[%clk 0:05:39]}  Rb3 {[%clk 0:26:16]} 47. Ra7+ {[%clk 0:06:07]}  Kg8 {[%clk 0:23:24]} 48. f6 {[%clk 0:05:17]}  gxf6 {[%clk 0:23:47]} 49. Kf4 {[%clk 0:04:45]}  Rbxc3 {[%clk 0:23:45]} 50. Ree7 {[%clk 0:02:50]}  R3c4+ {[%clk 0:16:58]} 51. Kg3 {[%clk 0:02:59]}  Rb8 {[%clk 0:07:48]} 52. Rg7+ {[%clk 0:03:11]}  Kh8 {[%clk 0:08:13]} 53. Rh7+ {[%clk 0:02:08]}  Kg8 {[%clk 0:08:42]} 54. Rhg7+ {[%clk 0:01:44]}  Kh8 {[%clk 0:09:06]} 55. Rgf7 {[%clk 0:01:58]}  f5 {[%clk 0:07:30]} 56. Rxf5 {[%clk 0:01:18]}  Rg8 {[%clk 0:07:53]} 57. Rf4 {[%clk 0:00:46]}  Rxf4 {[%clk 0:07:31]} 58. Kxf4 {[%clk 0:01:15]}  Rf8+ {[%clk 0:06:05]} 59. Ke5 {[%clk 0:01:23]}  Kg8 {[%clk 0:05:59]} 60. Ra6 {[%clk 0:01:36]}  Kh7 {[%clk 0:05:20]} 61. Ra7+ {[%clk 0:00:55]}  Kg8 {[%clk 0:05:42]} 62. Re7 {[%clk 0:00:59]}  Rf1 {[%clk 0:04:14]} 63. Re6 {[%clk 0:01:14]}  Kg7 {[%clk 0:04:29]} 64. Rg6+ {[%clk 0:01:40]}  Kh7 {[%clk 0:04:55]} 65. Rf6 {[%clk 0:02:07]}  Re1+ {[%clk 0:05:09]} 66. Kf5 {[%clk 0:01:42]}  Rf1+ {[%clk 0:04:38]} 67. Ke6 {[%clk 0:01:55]}  Re1+ {[%clk 0:04:57]} 68. Kf7 {[%clk 0:02:07]}  Re4 {[%clk 0:05:15]} 69. Rg6 {[%clk 0:01:47]}  Rf4+ {[%clk 0:05:39]} 70. Ke6 {[%clk 0:02:03]}  Ra4 {[%clk 0:06:00]} 1/2-1/2

[Event "45th FIDE Chess Olympiad Open"]
[Site "Budapest, Hungary"]
[Date "2024.09.20"]
[Round "9"]
[White "Rodriguez Vila, Andres"]
[Black "Bjerre, Jonas Buhl"]
[Result "1-0"]
[Board "77"]
[WhiteFideId "3000010"]
[BlackFideId "1444948"]
[WhiteTitle "GM"]
[BlackTitle "GM"]
[WhiteElo "2417"]
[BlackElo "2648"]
[WhiteTeam "Uruguay"]
[BlackTeam "Denmark"]
[WhiteClock "0:25:57"]
[BlackClock "0:11:49"]
[Variant "Standard"]

1. e4 {[%clk 1:30:43]}  e5 {[%clk 1:30:51]} 2. Nf3 {[%clk 1:31:08]}  Nc6 {[%clk 1:31:16]} 3. Bc4 {[%clk 1:31:31]}  Nf6 {[%clk 1:31:16]} 4. d3 {[%clk 1:30:52]}  Bc5 {[%clk 1:31:26]} 5. O-O {[%clk 1:31:09]}  d6 {[%clk 1:31:40]} 6. c3 {[%clk 1:31:06]}  a6 {[%clk 1:31:10]} 7. a4 {[%clk 1:31:29]}  Ba7 {[%clk 1:31:09]} 8. Be3 {[%clk 1:28:07]}  Bxe3 {[%clk 1:30:16]} 9. fxe3 {[%clk 1:28:29]}  O-O {[%clk 1:30:25]} 10. Nbd2 {[%clk 1:26:46]}  Ne7 {[%clk 1:29:47]} 11. a5 {[%clk 1:22:45]}  Ng6 {[%clk 1:27:51]} 12. Bb3 {[%clk 1:20:56]}  b5 {[%clk 1:24:41]} 13. axb6 {[%clk 1:20:23]}  cxb6 {[%clk 1:25:05]} 14. c4 {[%clk 1:20:04]}  Bd7 {[%clk 1:17:53]} 15. Nb1 {[%clk 1:17:42]}  b5 {[%clk 1:12:27]} 16. Nc3 {[%clk 1:17:32]}  b4 {[%clk 1:08:02]} 17. Nd5 {[%clk 1:16:16]}  Nxd5 {[%clk 1:01:03]} 18. exd5 {[%clk 1:14:33]}  f5 {[%clk 0:58:07]} 19. Ba4 {[%clk 1:11:02]}  Bxa4 {[%clk 0:41:52]} 20. Qxa4 {[%clk 1:08:53]}  e4 {[%clk 0:40:05]} 21. Nd4 {[%clk 1:05:54]}  Qg5 {[%clk 0:35:40]} 22. Rae1 {[%clk 1:06:03]}  exd3 {[%clk 0:30:45]} 23. Ne6 {[%clk 1:06:15]}  Qg4 {[%clk 0:30:50]} 24. Nxf8 {[%clk 1:05:54]}  Rxf8 {[%clk 0:30:50]} 25. Qxb4 {[%clk 1:05:39]}  f4 {[%clk 0:28:09]} 26. h3 {[%clk 0:54:48]}  Qg5 {[%clk 0:23:44]} 27. Qxd6 {[%clk 0:46:51]}  h5 {[%clk 0:21:09]} 28. Qe6+ {[%clk 0:44:10]}  Kh8 {[%clk 0:20:52]} 29. Rf2 {[%clk 0:34:27]}  f3 {[%clk 0:14:20]} 30. d6 {[%clk 0:27:42]}  fxg2 {[%clk 0:12:59]} 31. Rxg2 {[%clk 0:25:26]}  Qa5 {[%clk 0:11:26]} 32. Qxg6 {[%clk 0:25:29]}  Qxe1+ {[%clk 0:11:49]} 33. Kh2 {[%clk 0:25:57]} 1-0

[Event "45th FIDE Chess Olympiad Open"]
[Site "Budapest, Hungary"]
[Date "2024.09.20"]
[Round "9"]
[White "Andersen, Mads"]
[Black "Vazquez, Facundo"]
[Result "1-0"]
[Board "78"]
[WhiteFideId "1413864"]
[BlackFideId "3007669"]
[WhiteTitle "GM"]
[BlackTitle "FM"]
[WhiteElo "2598"]
[BlackElo "2388"]
[WhiteTeam "Denmark"]
[BlackTeam "Uruguay"]
[WhiteClock "0:07:24"]
[BlackClock "0:00:33"]
[Variant "Standard"]

1. e4 {[%clk 1:30:53]}  c5 {[%clk 1:30:52]} 2. Nf3 {[%clk 1:31:18]}  e6 {[%clk 1:31:14]} 3. b3 {[%clk 1:31:37]}  a6 {[%clk 1:31:22]} 4. Bb2 {[%clk 1:31:41]}  d5 {[%clk 1:30:39]} 5. exd5 {[%clk 1:31:45]}  exd5 {[%clk 1:30:57]} 6. Qe2+ {[%clk 1:31:59]}  Be6 {[%clk 1:30:01]} 7. g3 {[%clk 1:32:11]}  Nf6 {[%clk 1:24:57]} 8. Ng5 {[%clk 1:23:58]}  Qe7 {[%clk 1:17:31]} 9. Nxe6 {[%clk 1:23:54]}  Qxe6 {[%clk 1:17:44]} 10. Bxf6 {[%clk 1:13:57]}  gxf6 {[%clk 1:10:39]} 11. Bg2 {[%clk 1:10:48]}  Kd8 {[%clk 1:07:45]} 12. Nc3 {[%clk 1:08:22]}  d4 {[%clk 0:58:03]} 13. Nd5 {[%clk 1:05:47]}  Nd7 {[%clk 0:52:25]} 14. Kd1 {[%clk 0:53:04]}  Qxe2+ {[%clk 0:51:46]} 15. Kxe2 {[%clk 0:50:21]}  Rc8 {[%clk 0:48:02]} 16. Rhe1 {[%clk 0:47:56]}  Rc6 {[%clk 0:36:25]} 17. Kf1 {[%clk 0:39:23]}  Rd6 {[%clk 0:28:58]} 18. Re2 {[%clk 0:34:59]}  Bg7 {[%clk 0:16:08]} 19. Ne7 {[%clk 0:25:27]}  Bf8 {[%clk 0:13:36]} 20. Nf5 {[%clk 0:22:50]}  Rb6 {[%clk 0:13:57]} 21. Rae1 {[%clk 0:20:35]}  Kc7 {[%clk 0:10:19]} 22. Re8 {[%clk 0:19:24]}  Ne5 {[%clk 0:09:05]} 23. Bd5 {[%clk 0:17:05]}  Kd7 {[%clk 0:03:52]} 24. Ra8 {[%clk 0:16:59]}  Re6 {[%clk 0:01:23]} 25. Rb8 {[%clk 0:10:55]}  d3 {[%clk 0:00:36]} 26. c4 {[%clk 0:10:03]}  b5 {[%clk 0:00:33]} 27. f4 {[%clk 0:07:36]}  Ng4 {[%clk 0:00:41]} 28. h3 {[%clk 0:07:03]}  Rxe1+ {[%clk 0:00:33]} 29. Kxe1 {[%clk 0:07:24]} 1-0

[Event "45th FIDE Chess Olympiad Open"]
[Site "Budapest, Hungary"]
[Date "2024.09.20"]
[Round "9"]
[White "Roselli Mailhe, Bernardo"]
[Black "Thybo, Jesper Sondergaard"]
[Result "1/2-1/2"]
[Board "79"]
[WhiteFideId "3000028"]
[BlackFideId "1438832"]
[WhiteTitle "IM"]
[BlackTitle "GM"]
[WhiteElo "2362"]
[BlackElo "2555"]
[WhiteTeam "Uruguay"]
[BlackTeam "Denmark"]
[WhiteClock "0:12:05"]
[BlackClock "0:11:42"]
[Variant "Standard"]

1. d4 {[%clk 1:30:56]}  Nf6 {[%clk 1:30:55]} 2. c4 {[%clk 1:31:21]}  e6 {[%clk 1:31:16]} 3. Nf3 {[%clk 1:31:47]}  d5 {[%clk 1:31:32]} 4. Nc3 {[%clk 1:31:38]}  Nbd7 {[%clk 1:31:45]} 5. cxd5 {[%clk 1:29:26]}  exd5 {[%clk 1:32:05]} 6. Bg5 {[%clk 1:29:51]}  h6 {[%clk 1:32:15]} 7. Bh4 {[%clk 1:30:18]}  c6 {[%clk 1:32:29]} 8. e3 {[%clk 1:29:35]}  g5 {[%clk 1:32:26]} 9. Bg3 {[%clk 1:29:58]}  Nh5 {[%clk 1:32:47]} 10. Bd3 {[%clk 1:27:07]}  Nxg3 {[%clk 1:32:42]} 11. hxg3 {[%clk 1:27:33]}  Bg7 {[%clk 1:32:57]} 12. Qc2 {[%clk 1:24:45]}  Nb6 {[%clk 1:32:51]} 13. O-O-O {[%clk 1:18:39]}  Be6 {[%clk 1:32:35]} 14. Kb1 {[%clk 1:18:28]}  Qe7 {[%clk 1:31:02]} 15. Na4 {[%clk 1:13:36]}  O-O-O {[%clk 1:26:28]} 16. Rc1 {[%clk 1:09:20]}  Kb8 {[%clk 1:24:22]} 17. Nc5 {[%clk 1:08:37]}  Bc8 {[%clk 1:14:32]} 18. Qb3 {[%clk 0:58:17]}  Ka8 {[%clk 1:13:48]} 19. Rc3 {[%clk 0:55:34]}  h5 {[%clk 1:11:06]} 20. Qb4 {[%clk 0:52:55]}  Nd7 {[%clk 1:04:16]} 21. Ra3 {[%clk 0:44:23]}  Nxc5 {[%clk 0:39:49]} 22. dxc5 {[%clk 0:44:22]}  b5 {[%clk 0:39:53]} 23. Nd4 {[%clk 0:40:06]}  Bxd4 {[%clk 0:37:53]} 24. exd4 {[%clk 0:37:58]}  Rde8 {[%clk 0:36:09]} 25. Bc2 {[%clk 0:32:41]}  Qc7 {[%clk 0:22:24]} 26. Qd2 {[%clk 0:29:02]}  h4 {[%clk 0:19:25]} 27. Rd1 {[%clk 0:21:03]}  f6 {[%clk 0:17:44]} 28. Re3 {[%clk 0:17:10]}  hxg3 {[%clk 0:16:29]} 29. fxg3 {[%clk 0:16:52]}  Bg4 {[%clk 0:14:35]} 30. Rde1 {[%clk 0:15:54]}  Rxe3 {[%clk 0:11:37]} 31. Qxe3 {[%clk 0:12:05]}  Qd7 {[%clk 0:11:42]} 1/2-1/2

[Event "45th FIDE Chess Olympiad Open"]
[Site "Budapest, Hungary"]
[Date "2024.09.20"]
[Round "9"]
[White "Olsen, Filip Boe"]
[Black "Coppola, Claudio"]
[Result "1-0"]
[Board "80"]
[WhiteFideId "1440640"]
[BlackFideId "3001717"]
[WhiteTitle "IM"]
[BlackTitle "IM"]
[WhiteElo "2441"]
[BlackElo "2286"]
[WhiteTeam "Denmark"]
[BlackTeam "Uruguay"]
[WhiteClock "0:01:53"]
[BlackClock "0:00:41"]
[Variant "Standard"]

1. d4 {[%clk 1:30:54]}  Nf6 {[%clk 1:30:56]} 2. c4 {[%clk 1:31:13]}  c5 {[%clk 1:31:23]} 3. d5 {[%clk 1:31:27]}  b5 {[%clk 1:31:49]} 4. cxb5 {[%clk 1:31:47]}  a6 {[%clk 1:32:16]} 5. e3 {[%clk 1:32:03]}  g6 {[%clk 1:32:38]} 6. Nc3 {[%clk 1:32:18]}  axb5 {[%clk 1:32:57]} 7. Bxb5 {[%clk 1:31:42]}  Bg7 {[%clk 1:33:24]} 8. Nf3 {[%clk 1:30:45]}  O-O {[%clk 1:33:22]} 9. O-O {[%clk 1:29:48]}  Na6 {[%clk 1:33:28]} 10. e4 {[%clk 1:27:34]}  Nc7 {[%clk 1:32:38]} 11. Bc4 {[%clk 1:24:34]}  d6 {[%clk 1:28:38]} 12. Re1 {[%clk 1:22:00]}  Nd7 {[%clk 1:27:27]} 13. Bf4 {[%clk 1:19:29]}  Ba6 {[%clk 1:20:17]} 14. Bxa6 {[%clk 1:14:15]}  Rxa6 {[%clk 1:20:27]} 15. Qd2 {[%clk 1:11:55]}  Nb6 {[%clk 1:11:04]} 16. Bh6 {[%clk 1:05:12]}  Nc4 {[%clk 0:57:21]} 17. Qc1 {[%clk 1:05:19]}  Qb8 {[%clk 0:55:53]} 18. Bxg7 {[%clk 1:00:51]}  Kxg7 {[%clk 0:56:15]} 19. b3 {[%clk 0:55:12]}  Na3 {[%clk 0:55:29]} 20. e5 {[%clk 0:52:12]}  Ncb5 {[%clk 0:41:49]} 21. Ne4 {[%clk 0:49:47]}  f6 {[%clk 0:13:51]} 22. exf6+ {[%clk 0:49:14]}  exf6 {[%clk 0:14:19]} 23. Qb2 {[%clk 0:48:09]}  Qd8 {[%clk 0:13:20]} 24. Neg5 {[%clk 0:36:41]}  Nc7 {[%clk 0:13:33]} 25. Rac1 {[%clk 0:34:03]}  h6 {[%clk 0:12:55]} 26. Ne6+ {[%clk 0:31:43]}  Nxe6 {[%clk 0:13:22]} 27. Rxe6 {[%clk 0:31:31]}  Nb5 {[%clk 0:08:50]} 28. Qe2 {[%clk 0:30:21]}  Rb6 {[%clk 0:08:57]} 29. Re1 {[%clk 0:27:58]}  Nc7 {[%clk 0:08:07]} 30. Re7+ {[%clk 0:26:59]}  Rf7 {[%clk 0:08:11]} 31. Nd2 {[%clk 0:17:40]}  Qf8 {[%clk 0:07:36]} 32. Nc4 {[%clk 0:16:42]}  Ra6 {[%clk 0:06:45]} 33. h4 {[%clk 0:14:12]}  h5 {[%clk 0:04:44]} 34. a4 {[%clk 0:13:56]}  Kg8 {[%clk 0:04:32]} 35. Re3 {[%clk 0:12:54]}  Qa8 {[%clk 0:03:07]} 36. Qc2 {[%clk 0:09:26]}  f5 {[%clk 0:02:09]} 37. Qd2 {[%clk 0:06:12]}  Kh7 {[%clk 0:01:53]} 38. Re7 {[%clk 0:06:02]}  Qf8 {[%clk 0:02:06]} 39. Qe2 {[%clk 0:04:38]}  Nxd5 {[%clk 0:01:45]} 40. Re8 {[%clk 0:03:34]}  Qh6 {[%clk 0:00:41]} 41. Qe6 {[%clk 0:01:53]} 1-0

[Event "45th FIDE Chess Olympiad Open"]
[Site "Budapest, Hungary"]
[Date "2024.09.20"]
[Round "9"]
[White "Peralta, Fernando"]
[Black "Kulaots, Kaido"]
[Result "1/2-1/2"]
[Board "81"]
[WhiteFideId "105309"]
[BlackFideId "4500261"]
[WhiteTitle "GM"]
[BlackTitle "GM"]
[WhiteElo "2558"]
[BlackElo "2506"]
[WhiteTeam "Argentina"]
[BlackTeam "Estonia"]
[WhiteClock "0:22:35"]
[BlackClock "0:10:31"]
[Variant "Standard"]

1. d4 {[%clk 1:30:56]}  Nf6 {[%clk 1:30:58]} 2. c4 {[%clk 1:31:20]}  g6 {[%clk 1:31:22]} 3. Nc3 {[%clk 1:31:31]}  d5 {[%clk 1:31:49]} 4. cxd5 {[%clk 1:31:55]}  Nxd5 {[%clk 1:32:15]} 5. e4 {[%clk 1:32:21]}  Nxc3 {[%clk 1:32:40]} 6. bxc3 {[%clk 1:32:48]}  Bg7 {[%clk 1:33:06]} 7. Bc4 {[%clk 1:33:01]}  c5 {[%clk 1:33:18]} 8. Ne2 {[%clk 1:33:25]}  Nc6 {[%clk 1:33:44]} 9. Be3 {[%clk 1:33:45]}  O-O {[%clk 1:34:10]} 10. O-O {[%clk 1:34:09]}  b6 {[%clk 1:31:26]} 11. Qd2 {[%clk 1:33:59]}  Bb7 {[%clk 1:31:17]} 12. Rad1 {[%clk 1:34:16]}  cxd4 {[%clk 1:20:02]} 13. cxd4 {[%clk 1:34:40]}  Na5 {[%clk 1:13:39]} 14. Bd3 {[%clk 1:34:52]}  Rc8 {[%clk 1:10:22]} 15. d5 {[%clk 1:34:46]}  Nc4 {[%clk 1:08:20]} 16. Bxc4 {[%clk 1:35:08]}  Rxc4 {[%clk 1:08:45]} 17. Bd4 {[%clk 1:35:28]}  Qd7 {[%clk 1:06:30]} 18. Bxg7 {[%clk 1:29:12]}  Kxg7 {[%clk 1:06:56]} 19. Nd4 {[%clk 1:29:28]}  Qc7 {[%clk 0:40:50]} 20. Qg5 {[%clk 1:09:17]}  Bc8 {[%clk 0:34:51]} 21. h4 {[%clk 0:47:42]}  f6 {[%clk 0:20:57]} 22. Qe3 {[%clk 0:42:05]}  Bd7 {[%clk 0:21:05]} 23. Qa3 {[%clk 0:32:05]}  Qd6 {[%clk 0:09:20]} 24. Qe3 {[%clk 0:25:27]}  Rfc8 {[%clk 0:08:38]} 25. Rd3 {[%clk 0:22:17]}  Qc7 {[%clk 0:07:18]} 26. Rfd1 {[%clk 0:14:29]}  Rc1 {[%clk 0:06:46]} 27. Ne6+ {[%clk 0:12:59]}  Bxe6 {[%clk 0:07:08]} 28. dxe6 {[%clk 0:13:28]}  Qc2 {[%clk 0:03:44]} 29. Rxc1 {[%clk 0:11:27]}  Qxc1+ {[%clk 0:04:10]} 30. Qxc1 {[%clk 0:11:55]}  Rxc1+ {[%clk 0:04:34]} 31. Kh2 {[%clk 0:12:23]}  Rc6 {[%clk 0:04:02]} 32. Rd7 {[%clk 0:12:17]}  Rxe6 {[%clk 0:04:14]} 33. Rxa7 {[%clk 0:12:18]}  Rxe4 {[%clk 0:04:38]} 34. g3 {[%clk 0:12:46]}  Kf7 {[%clk 0:03:41]} 35. a4 {[%clk 0:11:25]}  Re5 {[%clk 0:02:37]} 36. Ra6 {[%clk 0:10:47]}  Ra5 {[%clk 0:02:53]} 37. Rxb6 {[%clk 0:11:12]}  Rxa4 {[%clk 0:03:18]} 38. Kg2 {[%clk 0:11:19]}  Ra1 {[%clk 0:03:30]} 39. Rb8 {[%clk 0:11:05]}  Rc1 {[%clk 0:03:39]} 40. Ra8 {[%clk 0:11:24]}  Rb1 {[%clk 0:04:00]} 41. Rc8 {[%clk 0:11:49]}  h5 {[%clk 0:03:06]} 42. Ra8 {[%clk 0:11:21]}  Ke6 {[%clk 0:02:14]} 43. Ra5 {[%clk 0:11:14]}  Re1 {[%clk 0:02:27]} 44. Ra4 {[%clk 0:10:29]}  Kf5 {[%clk 0:02:33]} 45. Rf4+ {[%clk 0:10:45]}  Ke5 {[%clk 0:02:57]} 46. Ra4 {[%clk 0:11:10]}  Rc1 {[%clk 0:02:17]} 47. Ra5+ {[%clk 0:10:55]}  Kd6 {[%clk 0:02:37]} 48. Ra6+ {[%clk 0:10:30]}  Rc6 {[%clk 0:02:49]} 49. Ra8 {[%clk 0:10:17]}  Ke6 {[%clk 0:01:49]} 50. Ra7 {[%clk 0:10:29]}  Rc8 {[%clk 0:28:44]} 51. Rb7 {[%clk 0:40:05]}  Rd8 {[%clk 0:28:45]} 52. Ra7 {[%clk 0:40:01]}  Rd7 {[%clk 0:29:04]} 53. Ra5 {[%clk 0:40:25]}  Rd5 {[%clk 0:29:09]} 54. Ra7 {[%clk 0:40:47]}  Rd7 {[%clk 0:28:25]} 55. Ra5 {[%clk 0:41:06]}  Kf7 {[%clk 0:28:49]} 56. Ra6 {[%clk 0:40:55]}  e5 {[%clk 0:26:53]} 57. f3 {[%clk 0:34:46]}  Ke7 {[%clk 0:27:09]} 58. Kf2 {[%clk 0:34:18]}  Rd6 {[%clk 0:27:24]} 59. Ra8 {[%clk 0:34:19]}  Rd2+ {[%clk 0:27:20]} 60. Kf1 {[%clk 0:34:25]}  Ke6 {[%clk 0:27:37]} 61. Rg8 {[%clk 0:31:44]}  Kf5 {[%clk 0:26:12]} 62. Rf8 {[%clk 0:28:00]}  Ra2 {[%clk 0:22:20]} 63. Kg1 {[%clk 0:26:45]}  Ra3 {[%clk 0:22:07]} 64. Kf2 {[%clk 0:26:21]}  Ra2+ {[%clk 0:22:07]} 65. Kg1 {[%clk 0:26:32]}  Ra6 {[%clk 0:20:55]} 66. Kf2 {[%clk 0:24:05]}  Rc6 {[%clk 0:13:14]} 67. Rg8 {[%clk 0:22:49]}  Rc7 {[%clk 0:13:00]} 68. Kg2 {[%clk 0:22:41]}  Rc2+ {[%clk 0:12:24]} 69. Kg1 {[%clk 0:22:34]}  Rb2 {[%clk 0:10:41]} 70. Kf1 {[%clk 0:22:35]}  Ra2 {[%clk 0:10:31]} 1/2-1/2